BLACK WOMEN AND INTERNATIONAL LAW : (Record no. 3430)

MARC details
000 -LEADER
fixed length control field 00519cam a2200193M 4500
001 - CONTROL NUMBER
control field on1000128366
003 - CONTROL NUMBER IDENTIFIER
control field OCoLC
005 - DATE AND TIME OF LATEST TRANSACTION
control field 20170828165527.0
008 - FIXED-LENGTH DATA ELEMENTS--GENERAL INFORMATION
fixed length control field 170810s2017 xx 000 0 eng d
020 ## - INTERNATIONAL STANDARD BOOK NUMBER
International Standard Book Number 1108432972
020 ## - INTERNATIONAL STANDARD BOOK NUMBER
International Standard Book Number 9781108432979
035 ## - SYSTEM CONTROL NUMBER
System control number (OCoLC)1000128366
040 ## - CATALOGING SOURCE
Original cataloging agency YDX
Language of cataloging eng
Transcribing agency YDX
049 ## - LOCAL HOLDINGS (OCLC)
Holding library TZAA
245 00 - TITLE STATEMENT
Title BLACK WOMEN AND INTERNATIONAL LAW :
Remainder of title deliberate interactions, movements and.
260 ## - PUBLICATION, DISTRIBUTION, ETC. (IMPRINT)
Place of publication, distribution, etc [S.l.] :
Name of publisher, distributor, etc CAMBRIDGE UNIV PRESS,
Date of publication, distribution, etc 2017.
600 ## - SUBJECT ADDED ENTRY--PERSONAL NAME
Source of heading or term on order
942 ## - ADDED ENTRY ELEMENTS (KOHA)
Source of classification or shelving scheme Library of Congress Classification
Koha item type Books
Holdings
Home library Current library Date acquired Full call number Koha item type
African Court on Human and Peoples' Rights Library African Court on Human and Peoples' Rights Library 28/08/2017 on order Books

African Court on Human and Peoples' Rights | For Inquiries Contact » +255 272 510 510